Harry Potter Character Full Names - Statistics

General Stats
  • This quiz has been taken 25 times
  • The average score is 4 of 7
Answer Stats
Character Full name % Correct
Harry Harry James Potter
100%
Hermione Hermione Jean Granger
78%
Ron Ronald Bilius Weasley
65%
Dumbledore Albus Percival Wulfric Brian Dumbledore
43%
Lupin Remus John Lupin
43%
Ginny Ginevra Molly Weasley
35%
Voldemort Tom Marvolo Riddle Jr
22%
No matching quizzes found
Score Distribution
Percent of People with Each Score
Percentile by Number Answered
Your Score History
You have not taken this quiz